Catálogo - Centro de Recursos para el Aprendizaje y la Investigación

Volver al Sitio - CRAI Biblioteca

Trujillo en la intimidad según su hija Flor / (Registro nro. 114461)

Detalles MARC
000 -CABECERA
campo de control de longitud fija 01872nam a2200325 4500
001 - NÚMERO DE CONTROL
campo de control 114461
003 - IDENTIFICADOR DEL NÚMERO DE CONTROL
campo de control DR-UNIBE
005 - FECHA Y HORA DE LA ÚLTIMA TRANSACCIÓN
campo de control 20260316113028.0
008 - DATOS DE LONGITUD FIJA--INFORMACIÓN GENERAL
campo de control de longitud fija 260316b2009 dr ||||| |||| 00| 0 spa d
020 ## - NÚMERO INTERNACIONAL ESTÁNDAR DEL LIBRO
Número Internacional Estándar del Libro 9789993427148
040 ## - FUENTE DE LA CATALOGACIÓN
Centro catalogador/agencia de origen BIBLIOTECA UNIBE
Lengua de catalogación spa
Centro/agencia transcriptor BIBLIOTECA UNIBE
041 ## - CÓDIGO DE LENGUA
Código de lengua del texto/banda sonora o título independiente spa
082 ## - NÚMERO DE LA CLASIFICACIÓN DECIMAL DEWEY
Número de edición 22
Número de clasificación RD 923.197293053 T866t
100 1# - ENTRADA PRINCIPAL--NOMBRE DE PERSONA
Nombre de persona Trujillo Ledesma, Flor de Oro,
Fechas asociadas al nombre 1915-1978
Término indicativo de función/relación autor
9 (RLIN) 203296
245 10 - MENCIÓN DE TÍTULO
Título Trujillo en la intimidad según su hija Flor /
Resto del título Flor de Oro Trujillo
260 ## - PUBLICACIÓN, DISTRIBUCIÓN, ETC.
Lugar de publicación, distribución, etc. Santo Domingo :
Nombre del editor, distribuidor, etc. Fundación Cultural Dominicana,
Fecha de publicación, distribución, etc. 2009
300 ## - DESCRIPCIÓN FÍSICA
Extensión 115 páginas :
Otras características físicas fotografías (blanco y negro) ;
Dimensiones 24 cm
500 ## - NOTA GENERAL
Nota general El texto es un relato de Flor de Oro a Laura Berquist editora ejecutiva de la revista norteamericana "Look" en junio 15-29 del 1965
500 ## - NOTA GENERAL
Nota general Incluye notas al pie de las páginas e índice onomástico
520 3# - SUMARIO, ETC.
Sumario, etc. "Trujillo en la intimidad según su hija Flor", editado por Bernardo Vega, recoge las memorias de Flor de Oro Trujillo (1915-1978), ofreciendo una visión cruda y personal del dictador. Revela la compleja relación de "amor-odio", la personalidad controladora de su padre, su obsesión por el poder, y los desgarros emocionales profundos de la familia, alejándose de la imagen oficial del régimen.
600 1# - PUNTO DE ACCESO ADICIONAL DE MATERIA--NOMBRE DE PERSONA
Nombre de persona Trujillo Molina, Rafael Leónidas,
Fechas asociadas al nombre 1891-1961
9 (RLIN) 39608
600 1# - PUNTO DE ACCESO ADICIONAL DE MATERIA--NOMBRE DE PERSONA
Nombre de persona Trujillo, Flor de Oro,
Fechas asociadas al nombre 1915-1978
9 (RLIN) 203300
650 #7 - PUNTO DE ACCESO ADICIONAL DE MATERIA--TÉRMINO DE MATERIA
Fuente del encabezamiento o término lemb
Término de materia o nombre geográfico como elemento de entrada Presidentes
Subdivisión geográfica República Dominicana
Subdivisión general Familia
9 (RLIN) 203301
650 #7 - PUNTO DE ACCESO ADICIONAL DE MATERIA--TÉRMINO DE MATERIA
Fuente del encabezamiento o término lemb
Término de materia o nombre geográfico como elemento de entrada Presidentes
Subdivisión geográfica República Dominicana
Subdivisión de forma Biografía
9 (RLIN) 203302
650 #7 - PUNTO DE ACCESO ADICIONAL DE MATERIA--TÉRMINO DE MATERIA
Fuente del encabezamiento o término lemb
Término de materia o nombre geográfico como elemento de entrada Hijos de presidentes
Subdivisión geográfica República Dominicana
Subdivisión de forma Biografía
9 (RLIN) 203303
651 #7 - PUNTO DE ACCESO ADICIONAL DE MATERIA--NOMBRE GEOGRÁFICO
Fuente del encabezamiento o término lemb
Nombre geográfico República Dominicana
Subdivisión general Historia
Subdivisión cronológica Era de Trujillo, 1930-1961
Subdivisión de forma Relatos personales
9 (RLIN) 203304
700 1# - PUNTO DE ACCESO ADICIONAL--NOMBRE DE PERSONA
Nombre de persona Vega, Bernardo,
Fechas asociadas al nombre 1938-
Término indicativo de función/relación editor
9 (RLIN) 1421
700 1# - PUNTO DE ACCESO ADICIONAL--NOMBRE DE PERSONA
Nombre de persona Vega Guerra, Paula
Término indicativo de función/relación traductor
9 (RLIN) 203298
942 ## - ELEMENTOS DE PUNTO DE ACCESO ADICIONAL (KOHA)
Fuente del sistema de clasificación o colocación Sistema de Clasificación Decimal Dewey
Tipo de ítem Koha Libro (general)
Existencias
Estado de retiro Estado de pérdida Fuente del sistema de clasificación o colocación No para préstamo Código de colección Localización permanente Fecha de adquisición Total de préstamos Signatura topográfica completa Código de barras Fecha visto por última vez Número de copia Precio válido a partir de Tipo de ítem Koha
  Disponible Sistema de Clasificación Decimal Dewey   General - Libros dominicanos Biblioteca Central UNIBE 16/01/2026   RD 923.197293053 T866t 260171 16/03/2026 Ej. 1 16/03/2026 Libro (general)